| 000 | 00730nam a2200217 a 4500 | ||
|---|---|---|---|
| 999 |
_c2009 _d2009 |
||
| 005 | 20180824150016.0 | ||
| 008 | 140303b2000 cau|||||rm||| 00| 0 eng d | ||
| 040 |
_aCO-BoIAVH _cCO-BoIAVH |
||
| 041 | _aeng | ||
| 044 | _axxu | ||
| 090 |
_aTE- _b0116 |
||
| 100 | 1 | _aSánchez Baracaldo, Patricia | |
| 245 | 1 | _aPhylogenetics and biogeography of an Andean fern radiation, the Jamesonia-Eriosorus Complex | |
| 260 |
_aBerkeley: _bUniversity of California, _c2000. |
||
| 300 | _a121 páginas | ||
| 502 | _aTesis para optar al título de doctor en filosofía por la Universidad de California | ||
| 650 | 1 | 4 | _aFilogenética |
| 650 | 1 | 4 | _aBiogeografía |
| 650 | 1 | 4 | _aEcosistemas andinos |
| 942 |
_cTESIS _2z |
||